000 00717nas a2200229 4500
001 BR8404959
003 BR-BrBNA
005 20231205090016.0
007 ta
008 230509b bl.|||p| |||| 00| 00por d
040 _aBR-BrBNA
_bpor
_cBiblioteca Nacional de Agricultura
041 _a(Pt)
072 _aH60
100 1 _aMarcondes, D.A.S.
100 1 _aChehata, A.N.
245 1 _aTerminou a erva; hoje, o controle da invasora e feito a base de principios ativos altamente eficazes [herbicida]
650 _aERVA DANINHA
650 _aHERBICIDA
773 0 _tGranja (Brazil)
_xISSN 0367-505X
_g(Apr 1984), v. 40(435) p. 64-87
_wBR8404959
909 _a202311
_bLúcia
_c55
_dLúcia Elande
942 _2AGRIS
_n0
_cANA
999 _c115476
_d115476